00492 2200193 4500001002100000005001500021035002000036245005600056100002000112250001500132300003600147260003300183082000800216084001500224020002200239650001000261990001000271990001700281INLIS00000000003880720260415095015 a0010-04260000061 aAtlas Dunia :bReferensi Lengkap /cAndrew Heritage0 aAndrew Heritage aedisi ke 4 a354 hlm :bilust ;c40cm x 30cm aLondon; :bGremedia;,c2005; a912 a912 AND R a978-979-015-254-0 4aAtlas a38758 a38758/H/2026